[Event "CRO-chT4A Center"]
[Site "Zagreb"]
[Date "2010.10.10"]
[Round "7.15"]
[White "Sontag, Bruno"]
[Black "Viljanac, Ranko"]
[Result "0-1"]
[WhiteElo "1843"]
[BlackElo "2043"]
[PlyCount "82"]
[EventDate "2010.03.21"]
[EventType "team-tourn"]
[EventRounds "11"]
[EventCountry "CRO"]
[SourceTitle "EXT 2012"]
[Source "ChessBase"]
[SourceDate "2011.11.24"]
[SourceVersion "1"]
[SourceVersionDate "2011.11.24"]
[SourceQuality "1"]

1. e4 d6 2. d4 Nf6 3. Nc3 c6 4. Nf3 Bg4 5. h3 Bh5 6. Bf4 e6 7. e5 Nd5 8. Nxd5 cxd5 9. Qd3 a6 10. Qb3 Bxf3 11. gxf3 Nc6 12. 0-0-0 dxe5 13. dxe5 b5 14. a3 Be7 15. Rg1 Kf8 16. c3 Qc7 17. Re1 Nd4 18. Qd1 Nc6 19. Kb1 Na5 20. Bd2 Nc4 21. Bxc4 bxc4 22. f4 Rb8 23. Ka2 Rb3 24. Qc2 Qa5 25. Bc1 g6 26. Qd2 Ke8 27. f5 Kd7 28. f6 Bf8 29. Rg4 Qb5 30. Ree4 Kc6 31. Re2 a5 32. Rg1 Bc5 33. Qc2 Rb8 34. Rg3 Rb7 35. f4 d4 36. Qe4+ Kc7 37. Rgg2 d3 38. Rd2 Rb6 39. Qa8 Rb8 40. Qe4 Rxa3+ 41. Kb1 Qa4 0-1